Score 0/20 Timer 07:00
2 Plays Today
% Correct
The Wizard of Oz
91.9%
The Simpsons Movie
88%
Inception
87.9%
Man of Steel
84.9%
American Beauty
84.9%
Dumbo
80.5%
Star Wars: Episode V - The Empire Strikes Back
80.4%
The Big Lebowski
76.1%
A Nightmare on Elm Street
73.8%
Wayne's World 2
71.6%
% Correct
Eternal Sunshine of the Spotless Mind
65.6%
Vanilla Sky
60.3%
Terminator 2: Judgment Day
59.9%
Shutter Island
59%
Happy Gilmore
51.3%
Trainspotting
50.9%
Avengers: Age of Ultron
48.4%
Rushmore
34.1%
Vertigo
29.1%
Blade Runner
9%
Remove Ads.
Support Sporcle.
Get the best of Sporcle when you Go Orange. This ad-free experience offers more features, more stats, and more fun while also helping to support Sporcle. Thank you for becoming a member.

You're not logged in!

Compare scores with friends on all Sporcle quizzes.
OR
Log In

Show Comments

Extras

Top Quizzes Today


Score Distribution

Your Account Isn't Verified!

In order to create a playlist on Sporcle, you need to verify the email address you used during registration. Go to your Sporcle Settings to finish the process.

Report this User

Report this user for behavior that violates our Community Guidelines.

Details: